| 000 | 00369nam a22001451a 4500 | ||
|---|---|---|---|
| 020 | _a9788170234739 | ||
| 082 |
_a181.4 _bSUK/E |
||
| 245 |
_aEssays in indian philosophy/ _cby Sukharanjan Saha (ed.) |
||
| 260 |
_aNew Delhi: _bAllied, _c1997. |
||
| 300 | _a637p. | ||
| 650 | _aPhilosophy India | ||
| 650 | _aPhilosophy | ||
| 700 | _aSukharanjan Saha (ed.) | ||
| 942 | _cBK | ||
| 999 |
_c13793 _d13793 |
||